| 000 | 00851cam a2200277 4500 | ||
|---|---|---|---|
| 999 |
_c9621 _d9621 |
||
| 001 | 9621 | ||
| 003 | BD-JhCC | ||
| 005 | 20180321111408.0 | ||
| 008 | 180320s1971 nyua b 001 0 eng | ||
| 035 | _a(BD-JhCC)9621 | ||
| 040 |
_aDLC _cDLC _dDLC _dBD-JhCC |
||
| 041 | _aeng | ||
| 050 | 0 | 0 |
_aRG524 _b.W7 1971 |
| 082 | 0 | 0 |
_a618.2 _bWIL 1971 |
| 100 | 1 |
_aWilliams, J. Whitridge _q(John Whitridge), _d1866-1931. |
|
| 245 | 1 | 0 |
_aWilliams obstetrics / _c J. Whitridge Williams, Louis M. Hellman, Jack A. Pritchard, |
| 250 | _a14th ed. | ||
| 260 |
_aNew York : _bAppleton-Century-Crofts, _c1971. |
||
| 300 |
_ax, 1242 p. _billus. (part col.) _c26 cm. |
||
| 504 | _aIncludes bibliographies. | ||
| 650 | 0 | _aObstetrics. | |
| 700 | 1 |
_aHellman, Louis M., _d1908-1990, |
|
| 700 | 1 |
_aPritchard, Jack A., _d1921- |
|
| 942 |
_2ddc _cBK |
||